000
00304nam a22001337a 4500
008
171011b xxu||||| |||| 00| 0 eng d
020
_a
9780761987277
041
_a
eng
080
_2
3RD
_a
316
100
_a
50
101
_a
SOC
245
_a
INVESTIGATING THE SOCIAL WORD
_c
SCHUTT,R.K
942
_2
udc
_c
BK
999
_c
33216
_d
33216